Der historische Materialismus (Record no. 167978)
[ view plain ]
| 000 -LEADER | |
|---|---|
| campo de control de longitud fija | 00496nam a2200145 i 4500 |
| 001 - NÚMERO DE CONTROL | |
| campo de control | 167978 |
| 003 - IDENTIFICADOR DE NÚMERO DE CONTROL | |
| campo de control | ES-MaACL |
| 005 - FECHA Y HORA DE LA ÚLTIMA TRANSACCIÓN | |
| campo de control | 20230906213639.0 |
| 008 - DATOS DE LONGITUD FIJA--INFORMACIÓN GENERAL | |
| campo de control de longitud fija | 931025s1900 gw |||| | ger d |
| 100 1# - ENTRADA PRINCIPAL--NOMBRE DE PERSONA | |
| Nombre de persona | Woltmann, Ludwuing. |
| 9 (RLIN) | 133959 |
| 245 10 - MENCIÓN DEL TÍTULO | |
| Título | Der historische Materialismus |
| Resto del título | : darstellung mul Kritik der Marxistischen Weltanschauung / |
| Mención de responsabilidad, etc. | von Ludwing Woltmann. |
| 260 ## - PUBLICACIÓN, DISTRIBUCIÓN, ETC. | |
| Lugar de publicación, distribución, etc. | Düsseldorf : |
| Nombre del editor, distribuidor, etc. | Hermann Michels. |
| 300 ## - DESCRIPCIÓN FÍSICA | |
| Extensión | 430 p. ; |
| Dimensiones | 22 cm. |
| 852 ## - LOCALIZACIÓN | |
| Ubicación | ES-MaACL |
| Número de control de estantería | F-565 |
| Nota libre | -- Enc. pasta española |
| Estatus retirado | Estado de pérdida | Estado de daño | No para préstamo | Biblioteca de origen | Biblioteca actual | Ubicación en estantería | Fecha de adquisición | Fuente de adquisición | Total de préstamos | Signatura topográfica completa | Código de barras | Visto por última vez | Precio de reemplazo | Tipo de ítem Koha |
|---|---|---|---|---|---|---|---|---|---|---|---|---|---|---|
| Biblioteca del Ateneo de Madrid | Biblioteca del Ateneo de Madrid | Depósito 2 | 17/01/2008 | F-565 | 1176227 | 23/02/2023 | 23/02/2023 | Libro impreso |
